1079 1920 1319 1743 1173 1902 1227 1782 1076 1398 1136 1906 1147 1335 1465 1445 1055 1314 1324 1497 1603 1714 1433 1758 1937 1027 1550 1425 1278 1284 1164 1289 1093 1594 1661 1916 1490 1093 1124 1432 1006 1133 1391 1254 1318 1413 1267 1702 1305 1779 1387 1229 1322 1800 1173 1508 1692 1735 1199 1753 1528 1000 1869 1156 2000 1140 1629 1264 1692 1398 1296 1043 1547 1071 1769 1264 1991 1092 1968 1032 1184 1353 1543 1764 1681 1099 1068 1966 1923 1362 1861 1989 1892 1711 1331 1826 1917 1328 1796 BCNSPRNW ULIB Ver.6.0+V

เปลี่ยนเป็นภาษาไทย

Change to English
 แสดงรายละเอียดบรรณานุกรม
  กลับหน้าหลัก

Brief Record : Get Marc (ISO 2709) : E-mail record : QR code < ปิดหน้าต่าง
LEADER : 00000nam 2200000uu 4500
001    13399120094
003     ULIB
008    120830s2553||||th 000 0 tha d
020    ^a9786161104856
060  4 ^aWY163^bพ172ก
100 0  ^aพจนา ปิยะปกรณ์ชัย
245 10 ^aการพยาบาลผู้ป่วยที่ได้รับการบำบัดด้วยออกซิเจนและเครื่องช่วยหายใจ /^cพจนา ปิยะปกรณ์ชัย
250    ^aพิมพ์ครั้งที่ 1.
260    ^aนนทบุรี :^bโครงการสวัสดิการวิชาการ สถาบันพระบรมราชชนก,^c2553.
300    ^a149 หน้า :^bภาพประกอบ
650  7 ^aทางเดินหายใจ^xโรค^xการพยาบาล
650  7 ^aปอด^xโรค^xการพยาบาล
650  7 ^aออกซิเจน
650  7 ^aทางเดินอากาศหายใจ^xการพยาบาล
650  7 ^aเครื่องช่วยหายใจ
650  7 ^aทางเดินอากาศหายใจ, โรค^xการรักษา
710 2  ^aสถาบันพระบรมราชชนก.^bโครงการสวัสดิการวิชาการ
945    ^p220^l0^i19340
945    ^p220^l0^i19341
945    ^p220^l0^i19342
995    ^aทศพร
999    ^aทศพร เกษรทอง
รายการนี้ยังไม่มีแท็ก
คุณยังไม่ได้ล็อกอิน คุณสามารถมีกิจกรรมร่วมกับเว็บไซต์ได้ แต่ต้องล็อกอินก่อน ::
  ล็อกอิน

รายการสื่อสารสนเทศ

ลำดับที่ ประเภท เลขเรียก/บาร์โค้ด สถานที่ สถานะ
1. วิทยาศาสตร์การแพทย์ และสุขภาพ
วิทยาศาสตร์การแพทย์ และสุขภาพ
WY163 พ172ก ฉ.1 
  Barcode: 19340
ห้องสมุดวิทยาเขตนครสวรรค์
►ส่วนจัดเก็บหนังสือเก่า นว.
บนชั้น
  ขอยืม
2. วิทยาศาสตร์การแพทย์ และสุขภาพ
วิทยาศาสตร์การแพทย์ และสุขภาพ
WY163 พ172ก ฉ.2 
  Barcode: 19341
ห้องสมุดวิทยาเขตนครสวรรค์
►ส่วนจัดเก็บหนังสือเก่า นว.
บนชั้น
  ขอยืม
3. วิทยาศาสตร์การแพทย์ และสุขภาพ
วิทยาศาสตร์การแพทย์ และสุขภาพ
WY163 พ172ก ฉ.3 
  Barcode: 19342
ห้องสมุดวิทยาเขตนครสวรรค์
►ส่วนจัดเก็บหนังสือเก่า นว.
บนชั้น
  ขอยืม

รายการใกล้เคียง
    ผู้แต่ง [พจนา ปิยะปกรณ์ชัย]

    หัวเรื่อง [ออกซิเจน]
    หัวเรื่อง [เครื่องช่วยหายใจ]

BibComment


ยังไม่เคยถูกคอมเมนท์

คอมเมนท์ทรัพยากรรายการนี้
  คอมเมนท์: การพยาบาลผู้ป่วย..


 Copyright 2026. Bcnsprnw @Library